| 000 | 00000nam 2200000zi 4500 |
| 001 | 9.924800 |
| 003 | CaOODSP |
| 005 | 20231027114226 |
| 006 | m o d f |
| 007 | cr |n||||||||| |
| 008 | 230705t20232023onc ob f000 0 eng d |
| 020 | |a9780660493770 |
| 040 | |aCaOODSP|beng|erda|cCaOODSP |
| 043 | |an-cn--- |
| 086 | 1 |aA118-10/26-2022E-PDF |
| 245 | 00|aCrop profile for grape in Canada, 2022 / |cprepared by Pesticide Risk Reduction Program, Pest Management Centre, Agriculture and Agri-Food Canada. |
| 250 | |aFifth edition - 2023. |
| 264 | 1|a[Ottawa] : |bAgriculture and Agri-Food Canada = Agriculture et agroalimentaire Canada, |c2023. |
| 264 | 4|c©2023 |
| 300 | |a1 online resource (68 pages) |
| 336 | |atext|btxt|2rdacontent |
| 337 | |acomputer|bc|2rdamedia |
| 338 | |aonline resource|bcr|2rdacarrier |
| 500 | |aIssued also in French under title: Profil de la culture de vigne au Canada, 2022. |
| 500 | |a"AAFC No.: 13173E." |
| 504 | |aIncludes bibliographical references (pages 67-68). |
| 650 | 0|aGrapes|xDiseases and pests|xControl|zCanada. |
| 650 | 0|aGrape industry|zCanada. |
| 710 | 1 |aCanada. |bAgriculture and Agri-Food Canada, |eissuing body. |
| 710 | 2 |aPest Management Centre (Canada), |eissuing body. |
| 775 | 08|tProfil de la culture de vigne au Canada, 2022 / |w(CaOODSP)9.924801 |
| 856 | 40|qPDF|s776 KB|uhttps://publications.gc.ca/collections/collection_2023/aac-aafc/A118-10-26-2022-eng.pdf |